Les rappeurs fr les + populaires - Statistiques

Statistiques générales
  • Ce quiz a été pris 573 fois
  • Le résultat moyen est 20 sur 93
Statistiques - réponses
Hint Réponses % Correct
1 Koba la D
90%
1 Jul
86%
1 Ninho
84%
1 Booba
80%
1 Kaaris
70%
1 Damso
69%
1 PNL
69%
1 SCH
65%
1 Niska
64%
1 Gazo
57%
1 Nekfeu
52%
1 Gims
51%
1 Naps
51%
1 Hamza
44%
1 Tiakola
44%
1 SDM
42%
1 Orelsan
40%
1 Maes
38%
1 Freeze Corleone
35%
1 Leto
35%
1 Vald
32%
1 Kalash
31%
1 Alonzo
29%
1 Djadja et Dinaz
29%
1 Josman
29%
1 Lacrim
28%
1 Dinos
27%
1 IAM
26%
1 Heuss l'enfoiré
25%
1 Laylow
25%
1 NTM
25%
1 Alpha Wann
24%
1 Shay
23%
1 DA Uzi
22%
1 Gradur
22%
1 La Fève
20%
1 Diam's
18%
1 Luv resval
17%
1 Uzi
17%
1 Jok'air
16%
1 Kofs
16%
1 Oboy
16%
1 Guy2bezbar
14%
1 Dosseh
13%
1 Hatik
12%
1 Lefa
12%
1 Népal
12%
1 Zed
11%
1 Franglish
10%
1 Hornet la Frappe
10%
1 So La Lune
10%
1 Vegedream
10%
1 Bosh
9%
1 DTF
9%
1 Guizmo
9%
1 Caballero
8%
1 Green Montana
8%
1 Jean Jass
8%
1 Kekra
8%
1 Landy
8%
1 Mig
8%
1 Disiz
7%
1 Doums
7%
1 Jazzy Bazz
7%
1 Luther
7%
1 4keus
6%
1 Kaza
6%
1 S.Pri Noir
6%
1 Gringe
5%
1 MZ
5%
1 Benab
4%
1 Bolemvn
4%
1 Fresh La Peufra
4%
1 GLK
4%
1 BB Jacques
3%
1 Bramsito
3%
1 Doc Gynéco
3%
1 Georgio
3%
1 Lala &ce
2%
1 Le Rat Luciano
2%
1 Ashh
1%
1 Dabs
1%
1 Doria
1%
1 Eva
1%
1 Hiro
1%
1 Hos Copperfield
1%
1 JSX
1%
1 404Billy
0%
1 Davodka
0%
1 Gianni
0%
1 Guirri mafia
0%
1 Kpoint
0%
1 Le motif
0%
Aucun quiz correspondant
Distribution des résultats
% des personnes avec chaque résultat
Percentile par nombre de réponses
Votre historique - résultats
Vous n’avez pas pris ce quiz